000 00555nmm a2200169Ia 4500
008 251105s9999||||xx |||||||||||||||||und||
020 _a8495839423
041 _aspa
100 _aMonzón, Daniel
245 0 _aEl robo más grande jamás contado :
_b guión cinematográfico de Danial Monzón, con la colaboración de Jorge Guerricaechevarría
264 _a[Madrid, España] :
_bOcho y Medio,
_c2003
300 _a158 páginas
490 _aEspiral
650 _aFilm studies
856 _uhttps://public.digitaliapublishing.com/a/413
942 _cCF
999 _c73988
_d73988